Investigaciones sobre la contradicción / (Record no. 118745)

MARC details
000 -LEADER
campo de control de longitud fija 00815nam a2200241 i 4500
001 - NÚMERO DE CONTROL
campo de control 118745
003 - IDENTIFICADOR DE NÚMERO DE CONTROL
campo de control ES-MaACL
005 - FECHA Y HORA DE LA ÚLTIMA TRANSACCIÓN
campo de control 20251015063122.0
007 - CAMPO FIJO DE DESCRIPCIÓN FÍSICA--INFORMACIÓN GENERAL
campo de control de longitud fija t|
008 - DATOS DE LONGITUD FIJA--INFORMACIÓN GENERAL
campo de control de longitud fija 070214s1978 sp r ||||1| spa d
100 1# - ENTRADA PRINCIPAL--NOMBRE DE PERSONA
Nombre de persona Piaget, Jean,
Fechas asociadas al nombre 1896-1980
9 (RLIN) 91738
245 10 - MENCIÓN DEL TÍTULO
Título Investigaciones sobre la contradicción /
Mención de responsabilidad, etc. por Jean Piaget ; con la colaboración de A. Blanchet... [et al. ; traducción del francés de Juan Delval y Mario Carretero].
260 ## - PUBLICACIÓN, DISTRIBUCIÓN, ETC.
Lugar de publicación, distribución, etc. Madrid :
Nombre del editor, distribuidor, etc. Siglo Veintiuno,
Fecha de publicación, distribución, etc. 1978.
300 ## - DESCRIPCIÓN FÍSICA
Extensión 345 p. ;
Dimensiones 21 cm.
490 1# - MENCIÓN DE SERIE
Mención de serie Psicología
650 #4 - PUNTO DE ACCESO ADICIONAL DE MATERIA--TÉRMINO DE MATERIA
Término de materia o nombre geográfico como elemento de entrada Conocimiento.
9 (RLIN) 11281
700 1# - ENTRADA AGREGADA--NOMBRE PERSONAL
Nombre de persona Blanchet, A.
9 (RLIN) 29152
700 1# - ENTRADA AGREGADA--NOMBRE PERSONAL
Nombre de persona Val, Juan del.
9 (RLIN) 112426
700 1# - ENTRADA AGREGADA--NOMBRE PERSONAL
Nombre de persona Carretero, Mario.
9 (RLIN) 35718
830 0# - PUNTO DE ACCESO ADICIONAL DE SERIE-TÍTULO UNIFORME
Título uniforme Psicología
9 (RLIN) 178186
852 ## - LOCALIZACIÓN
Ubicación ES-MaACL
Número de control de estantería A-8870
Sublocalización o colección R.97979
Holdings
Estatus retirado Estado de pérdida Estado de daño No para préstamo Biblioteca de origen Biblioteca actual Ubicación en estantería Fecha de adquisición Fuente de adquisición Total de préstamos Signatura topográfica completa Código de barras Visto por última vez Precio de reemplazo Tipo de ítem Koha
        Biblioteca del Ateneo de Madrid Biblioteca del Ateneo de Madrid Depósito 1 17/01/2008     A-8870 1123791 23/02/2023 23/02/2023 Libro impreso